THE 8051 MICROCONTROLLER AND BEDDED SYSTEMS (Record no. 15500)

MARC details
000 -LEADER
fixed length control field 00321nam a22001457a 4500
003 - CONTROL NUMBER IDENTIFIER
control field SGT
082 ## - DEWEY DECIMAL CLASSIFICATION NUMBER
Item number MAZ
100 ## - MAIN ENTRY--PERSONAL NAME
Personal name MAZIDI MD ALI
245 ## - TITLE STATEMENT
Title THE 8051 MICROCONTROLLER AND BEDDED SYSTEMS
250 ## - EDITION STATEMENT
Edition statement 2ND
260 ## - PUBLICATION, DISTRIBUTION, ETC. (IMPRINT)
Name of publisher, distributor, etc PEARSON INDIA
Year of Publication 2008
300 ## - PAGE DESCRIPTION
No. of Pages 547
650 ## - SUBJECT ADDED ENTRY--TOPICAL TERM
Topical term or geographic name as entry element COMMERCE MANAGEMENT
942 ## - ADDED ENTRY ELEMENTS (KOHA)
Source of classification or shelving scheme Dewey Decimal Classification
Koha item type Books
Holdings
Withdrawn status Lost status Source of classification or shelving scheme Damaged status Not for loan Collection code Home library Current library Shelving location Date acquired Cost, normal purchase price SGTU Total Checkouts Full call number Accession No. (Barcode) Date last seen Bill Date Koha item type
    Dewey Decimal Classification     COMMERCE MANAGEMENT SGT Science & Social Sciences Library SGT Science & Social Sciences Library Text Book 25/04/2018 330.00 SGTU   MAZ CM3494 25/04/2018 25/04/2018 Books